1595 1397 1625 1271 1228 1881 1442 1552 1670 1427 1031 1501 1901 1700 1249 1401 1964 1680 1387 1284 1875 1607 1434 1959 1755 1773 1906 1171 1333 1812 1065 1428 1009 1618 1057 1011 1065 1250 1777 1604 1595 1317 1651 1306 1361 1567 1330 1456 1102 1737 1975 1092 1366 1540 1552 1675 1521 1648 1481 1155 1072 1268 1717 1743 1798 1979 1227 1813 1414 1736 1497 1114 1403 1188 1717 1727 1065 1192 1720 1601 1414 1288 1651 1234 1453 1031 1381 1967 1908 1669 1499 1414 1391 1346 1542 1627 1526 1598 1016 BCNSPRNW ULIB Ver.6.0+V

เปลี่ยนเป็นภาษาไทย

Change to English
 แสดงรายละเอียดบรรณานุกรม
  กลับหน้าหลัก

Brief Record : Get Marc (ISO 2709) : E-mail record : QR code < ปิดหน้าต่าง
LEADER : 00000nam 2200000uu 4500
001    13399122584
003     ULIB
008    130731s2541||||th 000 0 tha d
099 0  ^aวจ.W21.5^bส691
100 0  ^a
110 1  ^aกระทรวงสาธารณสุข^bสถาบันพระบรมราชชนก
245 10 ^aรายงานผลการศึกษา การวิเคราะห์สถานการณ์และแนวโน้มการพัฒนาบุคลากรในกลุ่มเจ้าหน้าที่รังสีการแพทย์ ของกระทรวงสาธารณสุข./^cสถาบันพระบรมราชชนก
260    ^aนนทบุรี :^bสถาบันพระบรมราชชนก,^c2541
300    ^a169 หน้า : ^bตาราง
650  4 ^aเจ้าหน้าที่รังสีการแพทย์^xพัฒนาบุคลากร
700 0  วิพรรณ วัฒนชีพ
945    ^p0^l0^i20028
999    ^aทศพร เกษรทอง
รายการนี้ยังไม่มีแท็ก
คุณยังไม่ได้ล็อกอิน คุณสามารถมีกิจกรรมร่วมกับเว็บไซต์ได้ แต่ต้องล็อกอินก่อน ::
  ล็อกอิน

รายการสื่อสารสนเทศ

ลำดับที่ ประเภท เลขเรียก/บาร์โค้ด สถานที่ สถานะ
1. งานวิจัย
งานวิจัย
วจ.W21.5 ส691 ฉ.1 
  Barcode: 20028
ห้องสมุดวิทยาเขตสวรรค์ประชารักษ์
►วิจัย
บนชั้น

รายการใกล้เคียง
    ผู้แต่ง []

BibComment


ยังไม่เคยถูกคอมเมนท์

คอมเมนท์ทรัพยากรรายการนี้
  คอมเมนท์: รายงานผลการศึกษา..


 Copyright 2026. Bcnsprnw @Library